000 00491nam a2200181Ia 4500
005 20250508162134.0
008 008 250505s9999 xx 000 0 hin d
037 _aTextual
040 _aFEDL
_beng
_cFEDL
041 _ahin
_2eng
084 _a942, AGA
_qFEDL
100 _aAgarwal Rita
_9772407
245 0 _aEngland ke sanvedhanik vikas
260 _aMeerut, India
_bSishir Prakashan
_c1948
300 _avi,511p.
942 _cTEXL
_h942, AGA
999 _c1374604
_d1374604